[Event "CZE-chT2F 1920"]
[Site "Czech Republic"]
[Date "2020.02.23"]
[Round "9.2"]
[White "Krajina, Ales"]
[Black "Zboril, Tomas"]
[Result "1/2-1/2"]
[WhiteElo "2175"]
[BlackElo "2122"]
[PlyCount "23"]
[EventDate "2019.10.13"]
[EventType "team-tourn"]
[EventRounds "11"]
[EventCountry "CZE"]
[SourceTitle "EXT 2024"]
[Source "ChessBase"]
[SourceDate "2023.10.10"]
[SourceVersion "1"]
[SourceVersionDate "2023.10.10"]
[SourceQuality "1"]
[WhiteTeam "Ostrava Labortech II"]
[BlackTeam "Litovel Tatran"]
[WhiteTeamCountry "CZE"]
[BlackTeamCountry "CZE"]

1. e4 c5 2. d4 cxd4 3. c3 dxc3 4. Nxc3 Nc6 5. Nf3 e6 6. Bc4 Bb4 7. 0-0 Nf6 8. Qe2 Ng4 9. Bf4 Qf6 10. Bg5 Qg6 11. Bf4 Qf6 12. Bg5 1/2-1/2

[Event "Ostrava Konik op-A"]
[Site "Ostrava"]
[Date "2019.05.04"]
[Round "8"]
[White "Sernecki, Franciszek"]
[Black "Krajina, Ales"]
[Result "1/2-1/2"]
[WhiteElo "2295"]
[BlackElo "2126"]
[PlyCount "82"]
[EventDate "2019.04.27"]
[EventType "swiss"]
[EventRounds "9"]
[EventCountry "CZE"]
[SourceTitle "CBM 190 Extra"]
[Source "ChessBase"]
[SourceDate "2019.07.15"]
[SourceVersion "1"]
[SourceVersionDate "2019.07.15"]
[SourceQuality "1"]

1. e4 Nf6 2. e5 Ng8 3. d4 d5 4. c4 c5 5. Nc3 e6 6. cxd5 exd5 7. dxc5 d4 8. Ne4 Nc6 9. Nf3 Bxc5 10. Bc4 Bf5 11. Nxc5 Qa5+ 12. Bd2 Qxc5 13. Qb3 Qe7 14. 0-0 Be6 15. Rac1 Bxc4 16. Rxc4 Qd7 17. Bb4 Nge7 18. Qa3 Nxb4 19. Qxb4 Nc6 20. Qc5 d3 21. Nd4 Nxd4 22. Rxd4 Qc6 23. Qa3 Rd8 24. Rxd8+ Kxd8 25. Qxd3+ Kc8 26. Rd1 g6 27. e6 fxe6 28. Qe3 Rd8 29. Rc1 Kb8 30. h4 Qd5 31. Qg3+ Rd6 32. Qf4 a6 33. b3 e5 34. Qf8+ Ka7 35. Rc8 Qd1+ 36. Kh2 Qd4 37. Rc4 Qd5 38. Qh6 Qd2 39. Qf8 Qd5 40. Qc8 Rf6 41. Kg1 Qd1+ 1/2-1/2

[Event "Ostrava Konik op-A"]
[Site "Ostrava"]
[Date "2019.05.03"]
[Round "7"]
[White "Krajina, Ales"]
[Black "Stalmach, Richard"]
[Result "1/2-1/2"]
[WhiteElo "2126"]
[BlackElo "1991"]
[PlyCount "88"]
[EventDate "2019.04.27"]
[EventType "swiss"]
[EventRounds "9"]
[EventCountry "CZE"]
[SourceTitle "CBM 190 Extra"]
[Source "ChessBase"]
[SourceDate "2019.07.15"]
[SourceVersion "1"]
[SourceVersionDate "2019.07.15"]
[SourceQuality "1"]

1. e4 c5 2. a3 g6 3. b4 Bg7 4. Nc3 cxb4 5. axb4 d6 6. b5 f5 7. d4 Nf6 8. exf5 Bxf5 9. Nf3 0-0 10. Bc4+ Kh8 11. Bb2 d5 12. Bb3 e6 13. h3 Ne4 14. 0-0 Ng5 15. Nxg5 Qxg5 16. Bc1 Qh4 17. Ne2 Nd7 18. Bf4 g5 19. Bg3 Qh6 20. Bd6 Rg8 21. Ng3 Nf6 22. Qd2 Qg6 23. Qe3 Ne4 24. Nxe4 Bxe4 25. c3 Rgd8 26. Qg3 Bd3 27. Rfe1 Bxb5 28. Be5 Re8 29. Bxg7+ Qxg7 30. Re5 h6 31. Bc2 Qf6 32. Qg4 Bd7 33. Qe2 Rg8 34. g3 a5 35. Ba4 Bxa4 36. Rxa4 Ra6 37. Qb5 Rf8 38. Re2 Qf3 39. Raa2 Rc6 40. Re3 Qf7 41. Rae2 Ra8 42. c4 dxc4 43. d5 exd5 44. Re7 Qg6 1/2-1/2

[Event "CZE-chT 1819"]
[Site "Czech Republic"]
[Date "2019.04.19"]
[Round "9.1"]
[White "Krajina, Ales"]
[Black "Bures, Jaroslav"]
[Result "0-1"]
[WhiteElo "2116"]
[BlackElo "2396"]
[PlyCount "96"]
[EventDate "2018.11.03"]
[EventType "team-tourn"]
[EventRounds "11"]
[EventCountry "CZE"]
[SourceTitle "CBM 190 Extra"]
[Source "ChessBase"]
[SourceDate "2019.07.15"]
[SourceVersion "1"]
[SourceVersionDate "2019.07.15"]
[SourceQuality "1"]
[WhiteTeam "Ostrava Labortech"]
[BlackTeam "Poruba Slavoj"]
[WhiteTeamCountry "CZE"]
[BlackTeamCountry "CZE"]

1. d4 Nf6 2. Nf3 e6 3. Bf4 c5 4. c3 d5 5. e3 Bd6 6. Bxd6 Qxd6 7. Nbd2 Nc6 8. Bb5 0-0 9. 0-0 Rd8 10. a3 Bd7 11. Bxc6 Bxc6 12. Ne5 Bb5 13. Re1 Nd7 14. Nxd7 Rxd7 15. Qh5 Bd3 16. dxc5 Qxc5 17. Qe5 Rc8 18. Rec1 Rdc7 19. h4 Qb6 20. Qd4 Qxb2 21. Qxd3 Rxc3 22. Rxc3 Qxa1+ 23. Nb1 Rxc3 24. Qxc3 Qxb1+ 25. Kh2 h6 26. Qc8+ Kh7 27. Qd7 Qf5 28. Kg1 Qb1+ 29. Kh2 a5 30. Qxf7 Qf5 31. Qxb7 Qxf2 32. Qb6 Qxh4+ 33. Kg1 Qe4 34. Kf2 a4 35. Qd6 e5 36. Qe6 h5 37. Qe8 Kh6 38. Qh8+ Kg6 39. Qe8+ Kg5 40. Qe7+ Kh6 41. Qf8 Qc2+ 42. Kf3 Qd1+ 43. Kf2 Qd2+ 44. Kf1 Qxe3 45. Qh8+ Kg6 46. Qe8+ Kg5 47. Qd8+ Kf5 48. Qxd5 Qf4+ 0-1

[Event "CZE-chT2F 1819"]
[Site "Czech Republic"]
[Date "2019.03.31"]
[Round "11.3"]
[White "Krajina, Ales"]
[Black "Gnojek, Petr"]
[Result "0-1"]
[WhiteElo "2120"]
[BlackElo "2041"]
[PlyCount "82"]
[EventDate "2018.10.14"]
[EventType "team-tourn"]
[EventRounds "11"]
[EventCountry "CZE"]
[SourceTitle "EXT 2022"]
[Source "ChessBase"]
[SourceDate "2021.10.06"]
[SourceVersion "1"]
[SourceVersionDate "2021.10.06"]
[SourceQuality "1"]
[WhiteTeam "Ostrava Labortech II"]
[BlackTeam "Frydek Mistek III"]
[WhiteTeamCountry "CZE"]
[BlackTeamCountry "CZE"]

1. d4 d6 2. e4 Nf6 3. Nc3 g6 4. Bc4 Bg7 5. h3 0-0 6. Qe2 Nc6 7. Nf3 Nd7 8. Be3 a6 9. a3 b5 10. Ba2 e5 11. Bd5 Bb7 12. dxe5 Ndxe5 13. Nxe5 Bxe5 14. 0-0 Nd4 15. Bxd4 Bxd5 16. Bxe5 Bc4 17. Qf3 dxe5 18. Rfd1 Qe7 19. Nd5 Bxd5 20. Rxd5 Rad8 21. Rad1 Rxd5 22. Rxd5 Rd8 23. Qd3 Rxd5 24. Qxd5 Qd6 25. Qxd6 cxd6 26. Kf1 f5 27. f3 Kf7 28. Ke2 Ke6 29. g3 d5 30. Ke3 g5 31. g4 dxe4 32. fxe4 fxe4 33. Kxe4 Kd6 34. Kf5 Kd5 35. Kxg5 Ke4 36. Kh6 Kf4 37. g5 e4 38. h4 e3 39. Kxh7 e2 40. g6 e1Q 41. h5 Qh4 0-1

[Event "Ostrava Konik op-A"]
[Site "Ostrava"]
[Date "2016.05.02"]
[Round "3"]
[White "Domanski, Lukasz"]
[Black "Krajina, Ales"]
[Result "1/2-1/2"]
[WhiteElo "1888"]
[BlackElo "2176"]
[PlyCount "73"]
[EventDate "2016.04.30"]
[EventType "swiss"]
[EventRounds "9"]
[EventCountry "CZE"]
[SourceTitle "CBM 172 Extra"]
[Source "ChessBase"]
[SourceDate "2016.06.21"]
[SourceVersion "1"]
[SourceVersionDate "2016.06.21"]
[SourceQuality "1"]

1. e4 Nf6 2. e5 Ng8 3. d4 d5 4. c4 c6 5. Nc3 e6 6. Nf3 Ne7 7. Bd3 dxc4 8. Bxc4 Nd7 9. Ne4 Nf5 10. 0-0 Nb6 11. Bb3 h5 12. Bg5 Qc7 13. a3 a5 14. Rc1 a4 15. Ba2 Ra5 16. Re1 Rb5 17. d5 Nxd5 18. Bc4 Ra5 19. Bd2 Bd7 20. Bxa5 Qxa5 21. Nfg5 Be7 22. Qf3 h4 23. Bxd5 cxd5 24. Nf6+ gxf6 25. exf6 Qd2 26. Qxf5 Qxc1 27. Rxc1 exf5 28. Re1 Be6 29. Nxe6 Bxf6 30. Nc5+ Kf8 31. Nxa4 Kg7 32. Rb1 d4 33. Kf1 h3 34. Nc5 b5 35. Nd7 Rd8 36. Nxf6 Kxf6 37. g3 1/2-1/2

[Event "CZE-chT2F 1516"]
[Site "Czech Republic"]
[Date "2016.02.21"]
[Round "8.22"]
[White "Krajina, Ales"]
[Black "Szwed, Jacek"]
[Result "0-1"]
[WhiteElo "2176"]
[BlackElo "2392"]
[PlyCount "92"]
[EventDate "2015.10.18"]
[EventType "team-tourn"]
[EventRounds "11"]
[EventCountry "CZE"]
[SourceTitle "EXT 2022"]
[Source "ChessBase"]
[SourceDate "2021.10.06"]
[SourceVersion "1"]
[SourceVersionDate "2021.10.06"]
[SourceQuality "1"]
[WhiteTeam "Ostrava Labortech II"]
[BlackTeam "Trinec II"]
[WhiteTeamCountry "CZE"]
[BlackTeamCountry "CZE"]

1. d4 e6 2. Nf3 c5 3. c3 Nf6 4. Bg5 d5 5. e3 h6 6. Bh4 Be7 7. Nbd2 Nc6 8. Bd3 0-0 9. 0-0 b6 10. Rc1 Bb7 11. Qe2 Nd7 12. Bxe7 Qxe7 13. e4 dxe4 14. Nxe4 cxd4 15. cxd4 Rfd8 16. a3 Nf8 17. Ng3 Nxd4 18. Nxd4 Rxd4 19. Nf5 Qg5 20. f4 Rxf4 21. h4 Rxf1+ 22. Rxf1 Qf6 23. Nd6 Qd4+ 24. Qf2 Qxf2+ 25. Rxf2 Rd8 26. Be4 Bxe4 27. Nxe4 Rd1+ 28. Rf1 Rd4 29. Nc3 Rxh4 30. Rd1 f5 31. Rd8 Kf7 32. Ra8 Nd7 33. Rxa7 Ke7 34. b4 Rc4 35. Na4 Rc1+ 36. Kh2 Kd6 37. Ra8 g5 38. Rh8 Ra1 39. Nc3 Ke5 40. a4 Ra3 41. Nb5 Rxa4 42. Rxh6 Rxb4 43. Nc7 Nf6 44. Rg6 Rb3 45. g3 Rb2+ 46. Kg1 g4 0-1

[Event "CZE-chT2F 1415"]
[Site "Czech Republic"]
[Date "2015.04.19"]
[Round "11.32"]
[White "Krajina, Ales"]
[Black "Cempel, Jaroslav"]
[Result "1/2-1/2"]
[WhiteElo "2193"]
[BlackElo "2135"]
[PlyCount "23"]
[EventDate "2014.11.02"]
[EventType "team-tourn"]
[EventRounds "11"]
[EventCountry "CZE"]
[SourceTitle "EXT 2022"]
[Source "ChessBase"]
[SourceDate "2021.10.06"]
[SourceVersion "1"]
[SourceVersionDate "2021.10.06"]
[SourceQuality "1"]
[WhiteTeam "Ostrava Labortech II"]
[BlackTeam "Havirov Banik"]
[WhiteTeamCountry "CZE"]
[BlackTeamCountry "CZE"]

1. c4 a6 2. d3 c5 3. e4 e6 4. Nc3 Nc6 5. g3 g6 6. Bg2 Bg7 7. Nge2 Nge7 8. 0-0 Nd4 9. Nxd4 Bxd4 10. Be3 Bxe3 11. fxe3 0-0 12. d4 1/2-1/2

[Event "CZE-chT2F 1415"]
[Site "Czech Republic"]
[Date "2015.02.22"]
[Round "8.65"]
[White "Krajina, Ales"]
[Black "Splichal, Stanislav"]
[Result "1/2-1/2"]
[WhiteElo "2193"]
[BlackElo "2129"]
[PlyCount "122"]
[EventDate "2014.11.02"]
[EventType "team-tourn"]
[EventRounds "11"]
[EventCountry "CZE"]
[SourceTitle "EXT 2022"]
[Source "ChessBase"]
[SourceDate "2021.10.06"]
[SourceVersion "1"]
[SourceVersionDate "2021.10.06"]
[SourceQuality "1"]
[WhiteTeam "Ostrava Labortech II"]
[BlackTeam "Ostrava TJ Nova Hut"]
[WhiteTeamCountry "CZE"]
[BlackTeamCountry "CZE"]

1. e4 c5 2. a3 e6 3. b4 d5 4. e5 d4 5. f4 cxb4 6. axb4 Bxb4 7. Nf3 Ne7 8. Ba3 Bxa3 9. Nxa3 0-0 10. Bd3 f6 11. 0-0 Nbc6 12. Nc4 Nd5 13. g3 a5 14. Qe2 b5 15. Nd6 b4 16. Qe4 f5 17. Qe2 Bd7 18. Bc4 Nb6 19. Ba2 Nc8 20. Ng5 Qe7 21. Qh5 h6 22. Qg6 hxg5 23. Nxf5 Rxf5 24. Qxf5 Nb6 25. fxg5 Nd5 26. Qh3 g6 27. Rae1 Qg7 28. Rf6 d3 29. Bxd5 exd5 30. e6 Be8 31. cxd3 b3 32. e7 Nxe7 33. Qe6+ Bf7 34. Qb6 Nf5 35. Qxb3 Qf8 36. Qb7 Qc5+ 37. Kg2 Rf8 38. Rc6 Qd4 39. Qa6 Qg4 40. Kg1 Nh4 41. Rf1 Qxg5 42. Qxa5 Nf5 43. Rf3 Nd4 44. Rxf7 Rxf7 45. Rc8+ Kg7 46. Qd8 Nf3+ 47. Kh1 Qxd8 48. Rxd8 Rf5 49. g4 Re5 50. Kg2 Ne1+ 51. Kg3 Nxd3 52. h4 Nb4 53. Kf4 Re7 54. Rd6 Kf7 55. Kg5 Re2 56. Rf6+ Ke7 57. Kxg6 Rxd2 58. h5 Rh2 59. Rb6 Nd3 60. h6 Ne5+ 61. Kf5 Nxg4 1/2-1/2